00306 a2200097 4500001001000000005001700010008004100027245006300068100001900131773005800150ART_1792420260410161655.0260409a 10aEl alquiler de inmuebles en el IVA y las entidades exentas1 aSerra, Marcelo0 tPráctica profesionalg- Nº 111 (feb. 2010)wREV542